000
00308nam a2200121Ia 4500
008
220204s9999 xx 000 0 und d
082
_a
536.7
_b
NAS
100
_a
Nash, Leonard K
245
0
_a
Elements of statistical thermodynamics
250
_a
Ed.2
260
_a
London
_b
Addison Wesley
_c
d1972
942
_c
BK
999
_c
35384
_d
35384